| 000 | 00629nam a22002057a 4500 | ||
|---|---|---|---|
| 003 | KenMUT | ||
| 005 | 20260401094704.0 | ||
| 008 | 260401b |||||||| |||| 00| 0 eng d | ||
| 020 | _a0199252483 | ||
| 040 | _cMUT | ||
| 050 |
_aJN 15 _b. A58 2004 |
||
| 100 | _aWiener , Antje | ||
| 245 | _aEuropean integration theory / | ||
| 260 |
_aGreat Britain _bOxford University Press _c2004 |
||
| 583 |
_aCataloguing: _c20260401 _k471471 |
||
| 650 | _aEuropean Union | ||
| 650 | _aEuropean federation | ||
| 650 |
_aEuropean Union countries _xPolitics and government _vPhilosophy |
||
| 942 |
_2lcc _cBK _n0 |
||
| 999 |
_c23814 _d23814 |
||